| 000 | 02134nam a2200565 i 4500 | ||
|---|---|---|---|
| 001 | 42233 | ||
| 003 | KOSZ 005 | ||
| 005 | 20240405063138.0 | ||
| 008 | 200608s2001 pl a r f po 100 0 pol | ||
| 015 | _aUWD 2002/2261 | ||
| 020 | _a8387317284 | ||
| 035 | _a991017536339705066 | ||
| 035 | _a(PL-WaBN)b14742640-48omnis_nlop | ||
| 035 | _ab14742640 | ||
| 035 | _a(OCoLC)316466838 | ||
| 035 | _a(PL)b0000001474264 | ||
| 035 | _a(EXLNZ-48OMNIS_NETWORK)9910068601505606 | ||
| 040 |
_aWA N _cWA N _dKOSZ 005/RW |
||
| 046 | _k2001 | ||
| 080 | _a316.6 | ||
| 080 | _a304.3 | ||
| 080 | _a316.344 | ||
| 080 | _a364.4-056.83(438) | ||
| 245 | 0 | 0 |
_aProblemy patologii społecznych i wybrane formy ich rozwiązywania : _bpraca zbiorowa / _cpod redakcją Mariana Marchowa i Bogusława Polaka ; Koszalińskie Towarzystwo Trzeźwości, Koszalińska Biblioteka Publiczna. |
| 260 |
_aKoszalin : _bKoszalińskie Towarzystwo Trzeźwości. Zarząd Główny, _c2001. |
||
| 300 |
_a284 strony : _bilustracje ; _c24 cm. |
||
| 336 |
_aTekst _btxt _2rdacontent |
||
| 337 |
_aBez urządzenia pośredniczącego _bn _2rdamedia |
||
| 338 |
_aWolumin _bnc _2rdacarrier |
||
| 380 | _aKsiążki | ||
| 380 | _aPublikacje naukowe | ||
| 388 | _a2001- | ||
| 500 | _aNa stronie redakcyjnej: materiały pokonferencyjne, Koszalin listopad 2001. | ||
| 504 | _aBibliografia przy pracach. | ||
| 648 | 7 | _a1901-2000 | |
| 648 | 7 | _a1989-2000 | |
| 648 | 7 | _a2001- | |
| 650 | 7 |
_aPatologia społeczna _2DBN |
|
| 650 | 7 | _aZwalczanie | |
| 651 | 7 | _aPolska | |
| 655 | 7 |
_aMateriały konferencyjne _2DBN |
|
| 658 | _aSocjologia i społeczeństwo | ||
| 700 | 1 |
_aMarchow, Marian _eRedakcja |
|
| 700 | 1 |
_aPolak, Bogusław _d(1945- ) _eRedakcja |
|
| 710 | 2 | _aKoszalińska Biblioteka Publiczna im. Joachima Lelewela | |
| 710 | 2 |
_aKoszalińskie Towarzystwo Trzeźwości _4pbl |
|
| 856 |
_uhttp://koha.tu.koszalin.pl/cgi-bin/koha/opac-detail.pl?biblionumber=42233 _yKatalog online BPK |
||
| 942 |
_2UKD _cKS |
||
| 999 |
_c42233 _d42233 |
||